El velero en la botella
Kaydedildi:
| Yazar: | |
|---|---|
| Materyal Türü: | Kitap |
| Dil: | İspanyolca |
| Baskı/Yayın Bilgisi: |
Santiago
Universitaria
1973
|
| Edisyon: | 1a. ed |
| Seri Bilgileri: | Cormorán, Colección Teatro, 6
|
| Konular: | |
| Etiketler: |
Etiketle
Etiket eklenmemiş, İlk siz ekleyin!
|
MARC
| LEADER | 00000cam a2200000 a 4500 | ||
|---|---|---|---|
| 001 | UCF8711 | ||
| 003 | CL-VaPUC | ||
| 008 | 131004e19730000cl |||||||||||||||||spa|d | ||
| 082 | 0 | 4 | |a Ch862 |b DIA |2 21 |
| 100 | 0 | |a Díaz Gutiérrez, Jorge |e author |9 420806 | |
| 245 | 1 | 3 | |a El velero en la botella |
| 246 | 1 | 3 | |a El cepillo de dientes o Náufragos en el parque de atracciones |
| 246 | 1 | 0 | |a Náufragos en el parque de atracciones |
| 250 | |a 1a. ed | ||
| 300 | |a 125 p | ||
| 942 | |c BK | ||
| 945 | |d 20131004 22:02:00 |a cmena | ||
| 260 | |a Santiago |b Universitaria |c 1973 | ||
| 650 | 0 | |a Teatro chileno |9 266701 | |
| 650 | 0 | |a Dramas chilenos |9 313819 | |
| 650 | 0 | |a Literatura chilena |9 308278 | |
| 583 | |a last modification |c 20131004 22:02:00 |k Rodrigo Vera | ||
| 490 | 0 | |a Cormorán, Colección Teatro, 6 | |
| 999 | |c 353272 |d 353270 | ||
| 952 | |0 0 |1 0 |3 erb |4 0 |6 CH_862_000000000000000_DIA_1973 |7 0 |8 A |9 458396 |a BIBART |b BIBART |d 2019-11-23 |i 5005833 |o Ch862 DIA 1973 |p 5005833 |r 2025-03-13 |w 2019-11-23 |y BK |z Catalogado en:20131004 |k ART | ||